El vínculo

Uloženo v:
Podrobná bibliografie
Hlavní autor: Mallea, Eduardo (autor)
Médium: Kniha
Jazyk:španělština
Vydáno: Buenos Aires Salvat 1970
Edice:Biblioteca Básica Salvat, 61
Témata:
Tagy: Přidat tag
Žádné tagy, Buďte první, kdo vytvoří štítek k tomuto záznamu!

MARC

LEADER 00000nam a2200000 a 4500
001 UCU4463
003 CL-VaPUC
008 960524e19700000AG |||||||||||||||||spa|d
082 0 4 |a Ar863  |b MAL  |2 21 
100 |a Mallea, Eduardo  |e autor  |9 541859 
245 1 3 |a El vínculo 
246 1 4 |a Los rembrandts 
246 1 3 |a La rosa de Cernobbio 
300 |a 173 p 
942 |c BK 
945 |d 19960524 00:00:00  |a rbrito 
260 |a Buenos Aires  |b Salvat  |c 1970 
650 0 |a Novelas argentinas  |9 267871 
583 |a last modification  |c 19960524 00:00:00  |k Rodrigo Vera 
490 0 |a Biblioteca Básica Salvat, 61 
999 |c 248164  |d 248162 
952 |0 0  |1 0  |4 0  |6 AR_863_000000000000000_MAL_1970  |7 0  |8 A  |9 264607  |a BIBEDU  |b BIBEDU  |d 2019-11-19  |i 3202771  |o Ar863 MAL 1970  |p 3202771  |r 2019-11-19  |w 2019-11-19  |y BK  |k LIT